Billie Eilish - No Time To Die Lyrics - Statistics

General Stats
  • This quiz has been taken 150 times
  • The average score is 161 of 186
Answer Stats
Answer % Correct
to
99%
I
98%
no
98%
No
98%
the
98%
a
97%
die
97%
Just
97%
just
97%
time
97%
on
95%
there
95%
you
95%
You
95%
you?
95%
me
92%
never
92%
have
91%
see
91%
There's
91%
We
91%
were
91%
for
90%
is
90%
my
90%
twice
90%
But
89%
but
89%
it
89%
once
89%
paradise?
89%
That
89%
fallen
87%
Fool
87%
fool
87%
I'd
87%
lie
87%
side
87%
cry
86%
should
86%
Was
85%
alone
84%
known
84%
Now
84%
saw
84%
Are
83%
leave
83%
love
83%
you'll
83%
everybody
82%
from
82%
pair
82%
stupid
82%
else?
80%
life
80%
obvious
80%
reckless
79%
away
77%
blood
77%
far
77%
or
77%
ooh
76%
Too
75%
death
74%
fair
74%
show
72%
bleed
71%
help?
71%
mm
70%
much
70%
You're
69%
goes
66%
longer
64%
owe
64%
let
62%
concern
61%
bear
60%
burn
60%
return
60%
past
59%
Faces
55%
learn
53%
hm
49%
lesson
47%
Another
44%
yet
41%
No matching quizzes found
Score Distribution
Percent of People with Each Score
Percentile by Number Answered
Your Score History
You have not taken this quiz